Chansons de Goldman - Mort subite - Statistiques

Statistiques générales
  • Ce quiz a été pris 104 fois
  • Le résultat moyen est 10 sur 15
Answers on the Grid
Answers color-coded by a green-red scale on the quiz's grid according to % correct below.
Aimer est plus fort que d'être aimer
Alors regarde
Destin
Envole moi
Famille
Filles faciles
Foule sentimentale
Il suffira d'un signe
Je la croise tout les matins
Je marche seul
L'oiseau malin
La vie par procuration
Là-bas
Les choses
Melissa
Mon autre
Ne lui dis pas
Pas toi
Puisque tu pars
Quand la musique est bonne
Quelques mots d'amour
Sans un mot
Tournent les violons
Un peu plus près des étoiles
Veiller tard
 
Statistiques - réponses
Réponse % Correct
Envole moi
98%
Quand la musique est bonne
89%
Je marche seul
88%
Il suffira d'un signe
84%
Là-bas
83%
La vie par procuration
83%
Tournent les violons
78%
Pas toi
77%
Puisque tu pars
72%
Famille
61%
Les choses
40%
Veiller tard
35%
Sans un mot
32%
Ne lui dis pas
29%
Filles faciles
27%
Aucun quiz correspondant
Distribution des résultats
% des personnes avec chaque résultat
Percentile par nombre de réponses
Votre historique - résultats
Vous n’avez pas pris ce quiz